<?xml version="1.0" encoding="UTF-8"?>
<record
    xmlns:xsi="http://www.w3.org/2001/XMLSchema-instance"
    xsi:schemaLocation="http://www.loc.gov/MARC21/slim http://www.loc.gov/standards/marcxml/schema/MARC21slim.xsd"
    xmlns="http://www.loc.gov/MARC21/slim">

  <leader>00700nam a22001217a 4500</leader>
  <datafield tag="040" ind1=" " ind2=" ">
    <subfield code="c">RUA</subfield>
  </datafield>
  <datafield tag="100" ind1=" " ind2=" ">
    <subfield code="a">CHUON SREYLEAK &#x1787;&#x17BD;&#x1793; &#x179F;&#x17D2;&#x179A;&#x17B8;&#x179B;&#x17D0;&#x1780;&#x17D2;&#x1781;</subfield>
  </datafield>
  <datafield tag="245" ind1=" " ind2=" ">
    <subfield code="a">UTILIZATION OF NITROGEN AND DIFFENT SOIL TEXTURES ON PAK CHOI (Brassica chinesis)PRODUCTION IN WET SEASON. &#x1780;&#x17B6;&#x179A;&#x1794;&#x17D2;&#x179A;&#x17BE;&#x1794;&#x17D2;&#x179A;&#x17B6;&#x179F;&#x17CB;&#x1780;&#x1798;&#x17D2;&#x179A;&#x17B7;&#x178F;&#x17A2;&#x17B6;&#x179F;&#x17BC;&#x178F;&#x179B;&#x17BE;&#x1780;&#x17B6;&#x179A;&#x179B;&#x17BC;&#x178F;&#x179B;&#x17B6;&#x179F;&#x17CB;&#x178A;&#x17C6;&#x178E;&#x17B6;&#x17C6;&#x179F;&#x17D2;&#x1796;&#x17C3;&#x178F;&#x17BF;&#x1793;&#x17C5;&#x1780;&#x17D2;&#x1793;&#x17BB;&#x1784;&#x179A;&#x178A;&#x17BC;&#x179C;&#x179C;&#x179F;&#x17D2;&#x179F;&#x17B6;&#x1793;&#x17C3;&#x1794;&#x17D2;&#x179A;&#x1797;&#x17C1;&#x1791;&#x178A;&#x17B8;&#x1781;&#x17BB;&#x179F;&#x1782;&#x17D2;&#x1793;&#x17B6;</subfield>
  </datafield>
  <datafield tag="260" ind1=" " ind2=" ">
    <subfield code="a">Phnom Penh</subfield>
    <subfield code="b">RUA</subfield>
    <subfield code="c">2021</subfield>
  </datafield>
  <datafield tag="300" ind1=" " ind2=" ">
    <subfield code="a">X.32P</subfield>
    <subfield code="b">VIII.</subfield>
    <subfield code="c">29CM</subfield>
  </datafield>
  <datafield tag="856" ind1=" " ind2=" ">
    <subfield code="u">https://drive.google.com/file/d/1vi0mTij9DFWa-y8qgFD4kgDFTocJo6-s/view?usp=sharing</subfield>
  </datafield>
  <datafield tag="942" ind1=" " ind2=" ">
    <subfield code="c">AGR</subfield>
  </datafield>
  <datafield tag="999" ind1=" " ind2=" ">
    <subfield code="c">22753</subfield>
    <subfield code="d">22753</subfield>
  </datafield>
  <datafield tag="952" ind1=" " ind2=" ">
    <subfield code="0">0</subfield>
    <subfield code="1">0</subfield>
    <subfield code="2">ddc</subfield>
    <subfield code="4">0</subfield>
    <subfield code="6">AGR_CHU_2021_000000000000000_B1570_OR</subfield>
    <subfield code="7">0</subfield>
    <subfield code="9">97733</subfield>
    <subfield code="a">LBB</subfield>
    <subfield code="b">LBB</subfield>
    <subfield code="c">B1.570</subfield>
    <subfield code="d">2024-03-29</subfield>
    <subfield code="o">AGR CHU 2021 B1-570 Or.</subfield>
    <subfield code="p">a078904</subfield>
    <subfield code="r">2024-03-29</subfield>
    <subfield code="w">2024-03-29</subfield>
    <subfield code="y">AGR</subfield>
  </datafield>
  <datafield tag="952" ind1=" " ind2=" ">
    <subfield code="0">0</subfield>
    <subfield code="1">0</subfield>
    <subfield code="2">ddc</subfield>
    <subfield code="4">0</subfield>
    <subfield code="6">AGR_CHU_2021_000000000000000_B1570_OR</subfield>
    <subfield code="7">0</subfield>
    <subfield code="9">97734</subfield>
    <subfield code="a">LBB</subfield>
    <subfield code="b">LBB</subfield>
    <subfield code="c">B1.570</subfield>
    <subfield code="d">2024-03-29</subfield>
    <subfield code="o">AGR CHU 2021 B1-570 Or.</subfield>
    <subfield code="p">a078864</subfield>
    <subfield code="r">2024-03-29</subfield>
    <subfield code="w">2024-03-29</subfield>
    <subfield code="y">AGR</subfield>
  </datafield>
  <datafield tag="952" ind1=" " ind2=" ">
    <subfield code="0">0</subfield>
    <subfield code="1">0</subfield>
    <subfield code="2">ddc</subfield>
    <subfield code="4">0</subfield>
    <subfield code="6">AGR_CHU_2021_000000000000000_B1570_OR</subfield>
    <subfield code="7">0</subfield>
    <subfield code="9">97735</subfield>
    <subfield code="a">LBB</subfield>
    <subfield code="b">LBB</subfield>
    <subfield code="c">B1.570</subfield>
    <subfield code="d">2024-03-29</subfield>
    <subfield code="o">AGR CHU 2021 B1-570 Or.</subfield>
    <subfield code="p">a078892</subfield>
    <subfield code="r">2024-03-29</subfield>
    <subfield code="w">2024-03-29</subfield>
    <subfield code="y">AGR</subfield>
  </datafield>
  <datafield tag="952" ind1=" " ind2=" ">
    <subfield code="0">0</subfield>
    <subfield code="1">0</subfield>
    <subfield code="2">ddc</subfield>
    <subfield code="4">0</subfield>
    <subfield code="6">AGR_CHU_2021_000000000000000_B1570_OR</subfield>
    <subfield code="7">0</subfield>
    <subfield code="9">97736</subfield>
    <subfield code="a">LBB</subfield>
    <subfield code="b">LBB</subfield>
    <subfield code="c">B1.570</subfield>
    <subfield code="d">2024-03-29</subfield>
    <subfield code="o">AGR CHU 2021 B1-570 Or.</subfield>
    <subfield code="p">a078768</subfield>
    <subfield code="r">2024-03-29</subfield>
    <subfield code="w">2024-03-29</subfield>
    <subfield code="y">AGR</subfield>
  </datafield>
</record>
